Wordt geladen...
Abramrigam
| Hoofdauteur: | |
|---|---|
| Formaat: | Printed Book |
| Taal: | Malayalam |
| Gepubliceerd in: |
Thiruvananthapuram
Kaalam
2005
|
| LEADER | 00458nam a2200133Ia 4500 | ||
|---|---|---|---|
| 008 | 111205s9999 xx 000 0 mal d | ||
| 082 | |a 854 VAN/B | ||
| 100 | |a Rajeevkumar M | ||
| 245 | |a Abramrigam |c Rajeevkumar M | ||
| 260 | |b Kaalam |a Thiruvananthapuram |c 2005 | ||
| 300 | |a 83p | ||
| 942 | |c BK | ||
| 999 | |c 228143 |d 228143 | ||
| 952 | |0 0 |1 0 |2 ddc |4 0 |6 855_000000000000000_4R1_ABH |7 0 |9 251909 |a MAL |b MAL |c ST1 |d 2006-09-23 |g 0.00 |l 0 |o 855.4R1 ABH |p MAL30246 |r 2011-12-05 |v 0.00 |w 2011-12-05 |y BK | ||